| 000 | 006510000a22002530004500 | ||
|---|---|---|---|
| 082 |
_a704.288097409034 _bP944s _cAS |
||
| 518 | _a20000403 | ||
| 530 | _aM | ||
| 100 | _aPromey, Sally M. | ||
| 245 | _aSpiritual spectacles, vision and image in mid-ninteenth-century Shakerism | ||
| 020 | _a0-253-34614-2 | ||
| 260 |
_aBloomington _bIndiana University Press, USA |
||
| 260 | _c1993 | ||
| 041 | _aEng | ||
| 300 | _axxiv, 292p. | ||
| 440 | _aReligion in North America | ||
| 500 | _aIncludes bibliography | ||
| 650 | _aArts | ||
| 650 | _aChristians | ||
| 650 | _aIcons | ||
| 651 | _aUnited States | ||
| 650 | _aShaker Arts | ||
| 942 | _cGEN | ||
| 999 |
_c21089 _d21089 |
||